[Event "Olympiad Women 2024"]
[Site "Budapest HUN"]
[Date "2024.09.21"]
[Round "10.53"]
[Board "4"]
[White "Liang, Liyun"]
[Black "Zengeni, Tatenda Melisa"]
[Result "1-0"]
[WhiteElo "1463"]
[BlackElo "1732"]
[PlyCount "71"]
[EventDate "2024.09.11"]
[WhiteTeam "Hong Kong, China"]
[BlackTeam "Zimbabwe"]
[BlackTeamCountry "ZIM"]

1. e4 c6 2. d4 d5 3. e5 Bf5 4. Nf3 e6 5. Be2 Be7 6. O-O Qb6 ({RR} 6... Nh6 7. b3 O-O 8. c4 Bg6 9. Bxh6 gxh6 10. Nc3 Nd7 11. Qd2 Kg7 12. Bd3 a6 13. Ne2 a5 14. Qe3 a4 15. c5 axb3 16. axb3 b6 17. b4 Qc7 18. Nf4 Qb7 19. h4 Rxa1 20. Rxa1 Ra8 21. Qc1 {1-0 Grischuk,A (2746)-Galkin,A (2598) RUS-ch 64th Moscow 2011 (6)}) ({RR} 6... c5 7. c3 Bg4 8. Be3 Bxf3 9. Bxf3 Nc6 10. Na3 cxd4 11. cxd4 Bxa3 12. bxa3 Nge7 13. Bg4 O-O 14. Rb1 Rb8 15. Rb3 Qd7 16. Bg5 h6 17. Bc1 Rbc8 18. Rg3 f5 19. exf6 Rxf6 20. Re1 Nf5 21. Bxf5 {1-0 Vedder,H (2339)-Novag Diablo,C FishPartners Open 2024 (4.10)}) 7. c4 dxc4 $146 ({RR} 7... h5 8. Nc3 Nh6 9. a3 Nd7 10. b4 Qd8 11. Ne1 h4 12. f4 Bg6 13. Be3 Nf5 14. Bf2 dxc4 15. Bxc4 Nb6 16. Bb3 a6 17. Rc1 Bh5 18. Qd2 Qd7 19. Ne4 Rd8 20. Nc2 h3 21. g3 Bf3 22. Rfe1 {1-0 Widmann,R-Haerle,R Oberschwaben-ch 1995 (2)}) 8. Nbd2 Nd7 9. Nxc4 Qc7 10. a4 Nb6 11. b3 Nd5 12. Ba3 Nb4 13. Nd6+ Bxd6 14. exd6 Qxd6 15. a5 c5 16. Bb5+ Kf8 17. Qc1 b6 18. dxc5 Qxc5 19. axb6 Qxb5 20. b7 Qxb7 21. Qc5+ Ke8 22. Bxb4 Ne7 23. Ne5 f6 24. Nc4 Nc8 25. Rfd1 Be4 26. Rd6 Bd5 27. Rd1 Kf7 28. R1xd5 exd5 29. Rc6 Kg6 30. Ne5+ Kf5 31. Qxd5 fxe5 32. g4+ Kxg4 33. Rc4+ Kf5 34. Qxb7 Nb6 35. Qf7+ Kg5 36. Bd2# 1-0

[Event "Olympiad Women 2024"]
[Site "Budapest HUN"]
[Date "2024.09.21"]
[Round "10.54"]
[Board "1"]
[White "Morales Santos, Natasha"]
[Black "Lyons, Kieran"]
[Result "1-0"]
[WhiteElo "1972"]
[BlackElo "1818"]
[PlyCount "147"]
[EventDate "2024.09.11"]
[WhiteTeam "Puerto Rico"]
[BlackTeam "Fiji"]
[WhiteTeamCountry "PUR"]
[BlackTeamCountry "FIJ"]

1. d4 f5 2. e4 fxe4 3. Nc3 Nf6 4. Bg5 e6 5. d5 $146 ({RR} 5. f3 e3 6. Qd3 Bb4 7. Qxe3 d5 8. Bd3 c5 9. Nge2 c4 10. Bf5 Qe7 11. Bh3 Nc6 12. Nf4 e5 13. Bxf6 exf4 14. Qxe7+ Nxe7 15. Bxc8 Rxc8 16. Bxe7 Bxc3+ 17. bxc3 Kxe7 18. Kd2 Kd6 19. Rab1 Kc6 {½-½ Capablanca,J-Rivas Costa,S Capablanca sim 1911}) ({RR} 5. Bxf6 gxf6 6. Qh5+ Ke7 7. Nxe4 Bg7 8. Nf3 b6 9. O-O-O Qe8 10. Qh4 Qg6 11. Kb1 Qh6 12. Qg3 d6 13. Bd3 Rg8 14. h4 Nd7 15. Rde1 Nf8 16. Nh2 f5 17. Ng5 Bxd4 18. Bxf5 Qg7 19. Qb3 Qf6 {0-1 Astasio Lopez,D (2340)-Larino Nieto,D (2467) Elgoibar 19th 2009 (6)}) ({RR} 5. f3 d5 6. fxe4 dxe4 7. Bxf6 Qxf6 8. Nxe4 Qg6 9. Ng3 Bd6 10. Qd3 Bxg3+ 11. hxg3 Qxd3 12. Bxd3 Nc6 13. c3 h6 14. Bg6+ Ke7 15. Nf3 Bd7 16. O-O Rhf8 17. Rae1 Rf6 18. Bd3 Raf8 19. b4 a6 {1-0 Koc,P (2346)-Winkels,M (1924) Titled Tue 4th Jun Late 2024 (1)}) ({RR} 5. f3 Be7 6. fxe4 O-O 7. Nf3 d5 8. Bd3 c5 9. dxc5 Nxe4 10. Bxe7 Nxc3 11. Bxd8 Nxd1 12. Rxd1 Rxd8 13. O-O Nd7 14. Ng5 Nf6 15. Rde1 Re8 16. Nf3 Bd7 17. Ne5 Re7 18. b4 a6 19. Kf2 Bc6 {½-½ Von Spreckelsen,P-Beyer,H Hamburg BUE Cup 1963 (9)}) ({RR} 5. f3 e3 6. Bxe3 Be7 7. Bd3 Nc6 8. a3 d5 9. Qe2 a6 10. Nh3 e5 11. dxe5 Nxe5 12. Bd4 Nxd3+ 13. Qxd3 Bxh3 14. gxh3 Qd7 15. O-O-O O-O-O 16. Rhg1 Qxh3 17. Kb1 Rhg8 18. Bxf6 Bxf6 19. Nxd5 Rgf8 {1-0 Burska,J-Dethloff,K DVfV-ch21 Final blind 1971 (8)}) 5... Bb4 6. Bc4 h6 7. Bh4 g5 8. Bg3 Bxc3+ 9. bxc3 d6 10. h4 g4 11. Ne2 e5 12. h5 Nbd7 13. Bh4 Nc5 14. Bb5+ Kf7 15. Ng3 Qg8 16. Qd2 Qg7 17. O-O-O Rf8 18. Rdf1 Kg8 19. f3 a6 20. Be2 Bd7 21. c4 Rf7 22. Rhg1 Raf8 23. Qe3 Bc8 24. fxe4 Nh7 25. Bd3 Rxf1+ 26. Rxf1 Rxf1+ 27. Nxf1 Qf8 28. Kd2 Nxd3 29. Qxd3 Qf4+ 30. Ke2 Ng5 31. Bxg5 Qxg5 32. Ng3 Qf4 33. Nf1 Kg7 34. g3 Qg5 35. Qe3 Qxh5 36. c5 Qf7 37. Nd2 Kg6 38. cxd6 cxd6 39. Qb6 Qf8 40. c4 Kg5 41. Qc7 Kf6 42. a4 h5 43. Qh7 Qe8 44. a5 Bd7 45. Qh6+ Ke7 46. Qg5+ Kf8 47. Qf6+ Kg8 48. Qxd6 h4 49. gxh4 g3 50. Qh6 Bg4+ 51. Ke3 Qe7 52. Qg5+ Qxg5+ 53. hxg5 Kg7 54. c5 Kg6 55. Nf3 g2 56. Nh4+ Kxg5 57. Nxg2 Bd7 58. Ne1 Kf6 59. Nf3 Bg4 60. Nd2 Bd7 61. Nc4 Bb5 62. Nd6 Ke7 63. Nxb7 Kd7 64. Nd6 Bc6 65. Nf7 Bb5 66. Nxe5+ Kc7 67. Kd4 Ba4 68. Nc4 Bb5 69. e5 Kd7 70. c6+ Kd8 71. Kc5 Kc7 72. Nb6 Bxc6 73. dxc6 Kb8 74. e6 1-0

[Event "Olympiad Women 2024"]
[Site "Budapest HUN"]
[Date "2024.09.21"]
[Round "10.54"]
[Board "2"]
[White "Sukhu, Gloria"]
[Black "Rivera Negron, Yanira"]
[Result "0-1"]
[WhiteElo "1634"]
[BlackElo "1805"]
[PlyCount "90"]
[EventDate "2024.09.11"]
[WhiteTeam "Fiji"]
[BlackTeam "Puerto Rico"]
[WhiteTeamCountry "FIJ"]
[BlackTeamCountry "PUR"]

1. Nf3 d5 2. d4 Nf6 3. c4 e6 4. g3 c6 5. Bg2 dxc4 6. O-O b5 7. Nc3 Bb7 8. Bf4 ({RR} 8. Bg5 Be7 9. a4 a6 10. e4 h6 11. Bxf6 Bxf6 12. axb5 axb5 13. Rxa8 Bxa8 14. Qa1 Nd7 15. Qa7 O-O 16. e5 Be7 17. Nd2 Bb4 18. Nde4 Ba5 19. Nc5 Nxc5 20. dxc5 Qc7 21. Qxc7 Bxc7 22. f4 Ba5 {½-½ Andreikin,D (2727)-Shirov,A (2700) RUS-chT 20th 2013 (3)}) ({RR} 8. e4 Be7 9. e5 Nd5 10. Ne4 h6 11. Nh4 Nd7 12. f4 g6 13. g4 Qb6 14. Nf3 c5 15. f5 gxf5 16. gxf5 O-O-O 17. fxe6 fxe6 18. Kh1 cxd4 19. Qxd4 Nc5 20. Nxc5 Bxc5 21. Qh4 Be3 22. a4 a6 {0-1 Henriksson,J (2295)-Welin,M (2328) SWE-chT 1516 2015 (7.3)}) 8... Nd5 $146 ({RR} 8... Be7 9. Ne5 Nd5 10. e4 Nxc3 11. bxc3 Nd7 12. Qg4 Nxe5 13. dxe5 Kf8 14. Rad1 Qc7 15. Rd6 h5 16. Qd1 Rd8 17. h4 c5 18. Qd2 f6 19. Rd1 Bxd6 20. exf6 gxf6 21. Bxd6+ Rxd6 22. Qxd6+ Qxd6 23. Rxd6 {0-1 Elnemr,M (2045)-Hesham,A (2401) Cairo Egyptian op 2015 (9)}) 9. Bd2 Nd7 10. a3 a5 11. e4 Nxc3 12. bxc3 Be7 13. Qc2 O-O 14. Be3 c5 15. Rfd1 Qc7 16. Bf4 Bd6 17. e5 Be7 18. Bg5 Bxg5 19. Nxg5 g6 20. Qe2 Bxg2 21. Kxg2 cxd4 22. cxd4 Qc6+ 23. f3 b4 24. axb4 axb4 25. Rxa8 Rxa8 26. Kh3 b3 27. Qb2 Ra2 28. Qc3 Qb5 29. Ne4 Rc2 30. Qe3 Kg7 31. Qf4 Qb8 32. Nd6 Qf8 33. g4 f6 34. Qg3 b2 35. Ne4 Rc1 36. Qe1 Rxd1 37. Qxd1 Qa3 38. Nd2 c3 39. Nb1 c2 40. exf6+ Nxf6 41. Qe2 cxb1=Q 42. g5 Qf5+ 43. Kg2 Qxg5+ 44. Kf2 Qh4+ 45. Kg2 Qd6 0-1

[Event "Olympiad Women 2024"]
[Site "Budapest HUN"]
[Date "2024.09.21"]
[Round "10.54"]
[Board "3"]
[White "Vega Jimenez, Keyshla M."]
[Black "Terubea, Cydel"]
[Result "1-0"]
[WhiteElo "1769"]
[BlackElo "1681"]
[PlyCount "63"]
[EventDate "2024.09.11"]
[WhiteTeam "Puerto Rico"]
[BlackTeam "Fiji"]
[WhiteTeamCountry "PUR"]
[BlackTeamCountry "FIJ"]

1. e4 d5 2. exd5 Nf6 3. Nf3 Nxd5 4. d4 e6 5. c4 Nf6 6. Nc3 c5 7. Bf4 ({RR} 7. Be2 a6 8. O-O cxd4 9. Nxd4 Bd7 10. Bf3 Nc6 11. Nxc6 Bxc6 12. Bxc6+ bxc6 13. Qf3 Qc7 14. b3 Bd6 15. g3 O-O 16. Bb2 Be5 17. Rfe1 Nd7 18. Kg2 Rad8 19. Rad1 c5 20. Na4 Bd4 21. Bxd4 cxd4 {½-½ Savchenko,B (2638)-Korobkov,P (2482) Moscow op-A 2010 (5)}) 7... a6 ({RR} 7... Nc6 8. d5 e5 9. Nxe5 Nxe5 10. Bxe5 Qe7 11. Qe2 Ng4 12. Bg3 g6 13. Ne4 b6 14. Bd6 {1-0 Soria Castillo,R (1849)-Calla Pinedo,C ch-PER 2023 Lima PER (3.19)}) 8. Qa4+ $146 ({RR} 8. dxc5 Qxd1+ 9. Rxd1 Bxc5 10. Na4 Bb4+ 11. Bd2 Bxd2+ 12. Nxd2 Nbd7 13. c5 Ke7 14. f3 Nd5 15. Kf2 b5 16. cxb6 N5xb6 17. Nxb6 Nxb6 18. Nc4 Rb8 19. Nxb6 Rxb6 20. b3 Bd7 21. Bc4 Bb5 22. Bxb5 axb5 {½-½ Romanov,S-Rikkinen,S (2191) Petrovskaya Ladya op 08 2007 (6)}) ({RR} 8. Be2 Nc6 9. dxc5 Qxd1+ 10. Rxd1 Bxc5 11. O-O O-O 12. Ne5 Nxe5 13. Bxe5 Ne8 14. Na4 Ba7 15. Bc3 Nf6 16. Bb4 Re8 17. Bf3 e5 18. Nc5 Rb8 19. Ne4 Nxe4 20. Bxe4 Be6 21. Bd5 Bxd5 22. Rxd5 Bd4 {½-½ Janak,J-Komarek,P Brno KOLT-01 1968 (10)}) ({RR} 8. Be2 Be7 9. O-O O-O 10. Na4 cxd4 11. Nxd4 Nbd7 12. Be3 Qc7 13. Nb3 Rd8 14. Qc1 Bd6 15. h3 b6 16. Rd1 Bb7 17. Nd2 Rab8 18. Nc3 Be7 19. Qc2 Nf8 20. Nde4 N8d7 21. b3 Nxe4 22. Nxe4 Nf6 {½-½ Medina Masdeu,R (1999)-Mundet Riera,J (1828) Girona op-A 4th 2013 (2)}) 8... Bd7 9. Qd1 Be7 10. Ne5 O-O 11. Be2 cxd4 12. Qxd4 Nc6 13. Qd3 Nxe5 14. Bxe5 Bc6 15. Qg3 Ne8 16. Rd1 Qb6 17. b3 f5 18. O-O Bf6 19. Bf4 Bxc3 20. Qxc3 Rd8 21. c5 Qa7 22. Rxd8 b5 23. Rfd1 Qf7 24. Bf3 Be4 25. R1d7 Qg6 26. Bxe4 fxe4 27. Qg3 Qf6 28. Be5 Qh6 29. Qe3 Qg6 30. c6 Qf5 31. Rxe8 Rxe8 32. Rxg7+ 1-0

[Event "Olympiad Women 2024"]
[Site "Budapest HUN"]
[Date "2024.09.21"]
[Round "10.55"]
[Board "1"]
[White "Sawan, Eman"]
[Black "Seine, Rose Berline"]
[Result "1/2-1/2"]
[WhiteElo "1972"]
[BlackElo "1778"]
[PlyCount "181"]
[EventDate "2024.09.11"]
[WhiteTeam "Palestine"]
[BlackTeam "Haiti"]
[WhiteTeamCountry "PLE"]
[BlackTeamCountry "HAI"]

1. e4 {ChessBase II} e5 2. Nf3 Nc6 3. Bb5 a6 4. Ba4 Be7 5. O-O Nf6 6. Re1 b5 7. Bb3 d6 8. c3 Na5 9. Bc2 c5 10. d4 Qc7 11. h3 O-O 12. Nbd2 Bd7 ({RR} 12... cxd4) ({RR} 12... Nc6) 13. Nf1 ({RR} 13. dxe5 dxe5 14. Nf1 Nc4 15. b3 Nb6 16. a4 c4) 13... Rfc8 ({RR} 13... Rfe8 14. d5 ({RR} 14. dxe5 dxe5 15. N3h2 Rad8 16. Qf3 Be6 17. Ne3 Nc4 18. Nf5 Bxf5 19. exf5 e4)) ({RR} 13... cxd4) 14. Ne3 ({RR} 14. dxe5 dxe5 15. Ne3 ({RR} 15. N3h2) 15... c4 ({RR} 15... Bc6 16. Nf5 Bf8 17. Bg5 Ne8 18. Nh2 f6 19. Bh4 Rd8 20. Qe2 Kh8 21. Rad1 Nc4 22. b3 Nb6 23. Nf1 c4 24. N5e3 b4 25. bxc4 bxc3 26. Nd5 Bxd5 27. cxd5 Nc4 28. Bd3 Nb2 29. Rc1 Qa5 30. Ne3) 16. Nf5 Bxf5 17. exf5 Nd7 18. Qd5 Bd6 19. Ng5 Nf6 20. Qf3 Nb7 21. a4 b4 22. Ne4 Nxe4 23. Bxe4 Rab8 24. Bd5 Nc5 25. Qg4 Nd7 26. Bg5 bxc3 27. bxc3 Bf8 28. Rad1 ({RR} 28. f6) 28... Rb6 {1-0 Mastrovasilis,D (2584)-Gutov,A (2445) EU-ch 12th Aix les Bains 2011 (2)}) 14... Bf8 ({RR} 14... Bc6 15. Nf5 Bf8 16. Bg5 Ne8 17. b3 Bd7 18. d5 Nb7 19. Nd2 f6 20. Bh4 g6 21. Ne3 Nd8 22. a4 Nf7 23. Bd3 Qb7 24. Qe2 Bh6 25. Ra2 Bxe3 26. Qxe3 f5 27. f4 Ng7 28. Bg3 g5 29. fxe5 {1-0 Klaasen,C (2212)-Mathebula,X (1759) South African op 2022 (5)}) 15. Qd3 g6 16. Qf1 $146 ({RR} 16. Bd2 Nc4 17. Nxc4 bxc4 18. Qe2 cxd4 19. cxd4 Re8 20. Bc3 Nh5 21. Qd2 Bg7 22. Rad1 Ra7 23. dxe5 dxe5 24. Qxd7 Qxd7 25. Rxd7 Rxd7 26. Ba4 Rdd8 27. Bxe8 Rxe8 28. g3 f6 29. Rd1 Bf8 30. Rd7 Rc8 {0-1 Shocron,R-Letelier Martner,R Mar del Plata International-16 1953 (2)}) 16... exd4 17. cxd4 Re8 18. dxc5 Qxc5 19. b4 Qxb4 20. Bd2 Qa3 21. Reb1 Nc6 22. Nd5 Bg7 23. Nc7 Qc5 24. Bd3 Nd4 25. Nxa8 Nxf3+ 26. gxf3 Rxa8 27. Rc1 Qh5 28. Qg2 Bxh3 29. Qg3 Nd7 30. Bc3 Ne5 31. Be2 g5 32. Rd1 Ng6 33. Bxg7 Kxg7 34. Rd5 h6 35. Rad1 Nf4 36. Qxf4 Be6 37. Qd2 Bxd5 38. Qd4+ f6 39. Qxd5 Ra7 40. Qxd6 Qf7 41. Rd5 Qe7 42. Qxe7+ Rxe7 43. Rd6 Ra7 44. Rb6 Kf7 45. Bd1 h5 46. Bb3+ Kg7 47. Kg2 a5 48. Rxb5 a4 49. Bd5 Ra6 50. a3 Kf8 51. Rb4 Ke7 52. Bc4 Ra5 53. Rb5 Ra7 54. Rb6 Rc7 55. Rb4 Ra7 56. Bb5 Kd6 57. Rxa4 Rb7 58. Be8 h4 59. Ra6+ Ke5 60. Bg6 Rb3 61. Bf5 Kf4 62. Bg4 Ke5 63. a4 Ra3 64. Ra8 Kd4 65. a5 Kd3 66. a6 Kd2 67. a7 Ke1 68. Be6 Ra6 69. Bd5 Ra3 70. Rf8 Rxa7 71. Rxf6 Rh7 72. e5 h3+ 73. Kh2 Kxf2 74. e6 Ra7 75. Rf7 Ra1 76. Kxh3 Rg1 77. f4 Rg3+ 78. Kh2 g4 79. Rh7 Re3 80. Bg2 Rxe6 81. f5 Rf6 82. Rh5 Rf8 83. Bd5 Rf6 84. Be4 Rf8 85. Rh4 Rf6 86. Rh5 Rf8 87. Rh6 Rxf5 88. Bxf5 g3+ 89. Kh3 g2 90. Rg6 g1=Q 91. Rxg1 1/2-1/2

[Event "Olympiad Women 2024"]
[Site "Budapest HUN"]
[Date "2024.09.21"]
[Round "10.55"]
[Board "2"]
[White "Cadeau, Merisena"]
[Black "Hamouri, Taqwa"]
[Result "0-1"]
[WhiteElo "1671"]
[BlackElo "1845"]
[PlyCount "98"]
[EventDate "2024.09.11"]
[WhiteTeam "Haiti"]
[BlackTeam "Palestine"]
[WhiteTeamCountry "HAI"]
[BlackTeamCountry "PLE"]

1. d4 {Dolmatov,Sergey} Nf6 2. c4 g6 3. Nc3 Bg7 4. e4 d6 5. Be2 Nbd7 6. Nf3 e5 7. d5 ({RR} 7. O-O) 7... Nc5 8. Bg5 ({RR} 8. Qc2) 8... h6 9. Bxf6 Bxf6 ({RR} 9... Qxf6 10. Qd2 a5 11. O-O-O h5 12. Kb1 Bh6 13. Qc2 Bd7 14. Rhf1 h4 15. Ne1 Qg5 16. g3 hxg3 17. hxg3 O-O-O 18. Nd3 Nxd3 19. Bxd3 f5 20. Nb5 Qe7 21. b4 axb4 22. Qa4 Bxb5 23. cxb5 Kb8 24. Qxb4 {0-1 Shubenkova,V (2030)-Piesik,P (2415) Titled Tue 16th Jul Early 2024 (3)}) 10. b4 Nd7 11. O-O O-O 12. Qd2 $146 ({RR} 12. Ne1 a5 13. a3 Bg5 14. Nd3 f5 15. c5 ({RR} 15. Qc2 Nf6 16. Bf3 Bd7) 15... Nf6 16. Bf3 axb4 17. Nxb4 ({RR} 17. axb4 Rxa1 18. Qxa1 Bd2) 17... dxc5 18. Nd3 Nd7 19. Nb5 Be7 20. Re1 Bd6 21. Nb2 Nf6 22. Nc4 f4 23. Rb1 Ra6 24. h3 h5 25. Qe2 Nh7 ({RR} 25... Kg7 26. Rb3 Kh6 27. Reb1 g5) 26. Rb3 Ng5 {0-1 Portisch,F (2450)-Jansa,V (2505) Budapest Tungsram-04 1978}) ({RR} 12. Na4 Bg7 13. Rc1 f5 14. Nd2 Nf6 15. Bd3 h5 16. Nc3 Bh6 17. Rc2 Rf7 18. c5 Bxd2 19. Qxd2 f4 20. cxd6 cxd6 21. Rfc1 a6 22. a4 g5 23. a5 Bd7 24. Nd1 g4 25. Nb2 g3 26. fxg3 fxg3 {0-1 Hetey,L (2322)-Syre,C (2259) Oberliga Nord O 0506 2005 (6.4)}) ({RR} 12. Na4 Bg7 13. Nd2 f5 14. f3 Qg5 15. exf5 gxf5 16. Rc1 a5 17. b5 b6 18. Nb3 Nf6 19. Qd2 Qg6 20. Nc3 Nh5 21. Bd3 Bf6 22. Rce1 Kh8 23. Ne2 a4 24. Nbc1 Bg5 25. f4 Bf6 26. Qe3 Bd7 {0-1 Raspovic,S-Kljako,D (2257) Zadar op 2004 (6)}) 12... Bg7 13. a3 f5 14. Qd3 f4 15. Rfd1 a6 16. Rac1 g5 17. Nd2 Nf6 18. Nb3 Bd7 19. Na5 b6 20. Nc6 Qe8 21. b5 a5 22. a4 Rf7 23. Kh1 Bf8 24. Rg1 Rg7 25. Rcf1 g4 26. g3 f3 27. Bd1 Rg5 28. h4 Rh5 29. Kh2 Rg5 30. Rh1 Rg6 31. Bc2 Qf7 32. Nd1 Nh5 33. Qd2 Re8 34. Rhg1 Bg7 35. Re1 Bf6 36. Ne3 Bxh4 37. Nf5 Bg5 38. Qc3 Bxf5 39. exf5 Rf6 40. Qd3 Nf4 41. Rh1 Nxd3 42. Bxd3 h5 43. Re4 Rxf5 44. Rhe1 Rf6 45. Bc2 h4 46. Rxg4 Qh5 47. Kh3 hxg3+ 48. Kxg3 Rf4 49. Re4 Qxg4+ 0-1

[Event "Olympiad Women 2024"]
[Site "Budapest HUN"]
[Date "2024.09.21"]
[Round "10.55"]
[Board "3"]
[White "Faqeeh, Yara"]
[Black "Jonet, Davena"]
[Result "1-0"]
[WhiteElo "1671"]
[BlackElo "1659"]
[PlyCount "53"]
[EventDate "2024.09.11"]
[WhiteTeam "Palestine"]
[BlackTeam "Haiti"]
[WhiteTeamCountry "PLE"]
[BlackTeamCountry "HAI"]

1. d4 d5 2. Bf4 Bf5 3. Nf3 e6 4. e3 Bd6 5. Bg3 Nf6 6. Nbd2 O-O 7. Be2 ({RR} 7. Bd3 Bg6 8. Ne5 c5 9. Nxg6 hxg6 10. dxc5 Bxc5 11. O-O Nc6 12. e4 Nh5 13. c3 Nxg3 14. hxg3 Qg5 15. exd5 exd5 16. g4 Qf4 17. Nb3 Bb6 18. Qf3 Qg5 19. Qg3 f5 20. Be2 Rae8 21. Rae1 Ne5 {0-1 Sjugirov,S (2663)-Artemiev,V (2699) RUS-chT Blitz 2021 (4.2)}) 7... h6 8. Ne5 ({RR} 8. O-O c5 9. c3 Nc6 10. Qb3 Bxg3 11. hxg3 Qe7 12. Qa3 cxd4 13. Qxe7 Nxe7 14. cxd4 Rfc8 15. Rfc1 Kf8 16. Nb3 Ne4 17. Ne5 Nd6 18. g4 Bh7 19. Nc5 Ke8 20. f3 Rc7 21. Rc3 Rac8 22. Rac1 b6 {1-0 Pakleza,Z (2483)-Paravyan,D (2620) Titled Tue 3rd Sep Late 2024 (4)}) 8... Nbd7 9. c3 Bxe5 $146 ({RR} 9... Rc8 10. Ndf3 Ne4 11. Qb3 f6 12. Nxd7 Qxd7 13. Bxd6 Nxd6 14. O-O c6 15. Qd1 Rce8 16. Bd3 e5 17. Bxf5 Qxf5 18. Qa4 e4 19. Nd2 Qg5 20. Qxa7 Nf5 21. Kh1 Nh4 22. Rg1 f5 23. g3 Nf3 24. Nxf3 {½-½ Kuehne,T-Gold,G Lippstadt Turm op 1999 (4)}) 10. dxe5 Ne4 11. f4 c6 12. Nxe4 Bxe4 13. O-O Qb6 14. Qd2 f6 15. exf6 Nxf6 16. Bh4 Ne8 17. Bf3 Bxf3 18. gxf3 Nf6 19. Kh1 Rf7 20. Rg1 Rd8 21. Rg6 Kh8 22. Rag1 Rg8 23. Qg2 Qd8 24. Bxf6 Rxf6 25. Rxg7 Rgf8 26. Rh7+ Kxh7 27. Qg7# 1-0

[Event "Olympiad Women 2024"]
[Site "Budapest HUN"]
[Date "2024.09.21"]
[Round "10.55"]
[Board "4"]
[White "Dunat, Kineberlie"]
[Black "Natsheh, Wajd"]
[Result "0-1"]
[WhiteElo "1582"]
[BlackElo "1739"]
[PlyCount "142"]
[EventDate "2024.09.11"]
[WhiteTeam "Haiti"]
[BlackTeam "Palestine"]
[WhiteTeamCountry "HAI"]
[BlackTeamCountry "PLE"]

1. d4 {Chessbase Finkel,Alexander} d5 2. Bf4 c6 3. Nf3 Qb6 4. Qc1 Bf5 5. e3 e6 6. Nbd2 Nf6 7. c4 ({RR} 7. Be2 Nbd7 8. h3 Be7 ({RR} 8... h6 9. O-O Be7 10. Ne5 Nxe5 11. Bxe5 O-O 12. c4 a5 13. cxd5 exd5 14. Rd1 Nd7 15. Bg3 Be6) ({RR} 8... h6 9. O-O Be7 10. Ne5 Nxe5 11. Bxe5 O-O 12. c4 a5 13. cxd5 exd5 14. Rd1 Nd7 15. Bg3 Be6) 9. O-O O-O ({RR} 9... Ne4 10. Nxe4 Bxe4 11. c4 f6 12. c5 Qd8 13. b4 g5 14. Bh2 h5 15. Nd2 Bf5 16. Qd1) ({RR} 9... Ne4 10. Nxe4 Bxe4 11. c4 f6 12. c5 Qd8 13. b4 g5 14. Bh2 h5 15. Nd2 Bf5 16. Qd1) 10. Nh4 ({RR} 10. c4) ({RR} 10. c4) 10... Be4 11. f3 Bg6 12. Nxg6 hxg6 13. c3 ({RR} 13. c4 c5) ({RR} 13. c4 c5) 13... e5 14. Bg5 ({RR} 14. Bg3 exd4 15. cxd4 c5 16. Nb3 Rac8 17. dxc5 Nxc5 18. Qd1 Nxb3 19. Qxb3 Qxb3 20. axb3 Bc5) ({RR} 14. dxe5 Nh5 15. Kh1 Nxf4 16. exf4 Qe3 17. Re1 Qxf4 18. Nb3 Qxc1 19. Raxc1 Bh4) ({RR} 14. Bg3 exd4 15. cxd4 c5 16. Nb3 Rac8 17. dxc5 Nxc5 18. Qd1 Nxb3 19. Qxb3 Qxb3 20. axb3 Bc5) ({RR} 14. dxe5 Nh5 15. Kh1 Nxf4 16. exf4 Qe3 17. Re1 Qxf4 18. Nb3 Qxc1 19. Raxc1 Bh4) 14... Rfe8 15. Re1 c5 16. dxe5 Nxe5 17. f4 Nc6 18. Bf3 Rad8 19. Bxf6 ({RR} 19. c4) ({RR} 19. c4) 19... Bxf6 20. Kh2 ({RR} 20. e4 Bh4 21. Re2 ({RR} 21. Rd1 dxe4 22. Nxe4 c4+ 23. Kh1 Rxd1+ 24. Qxd1 Qxb2 25. Qb1 Qxb1+ 26. Rxb1 Na5) ({RR} 21. Rd1 dxe4 22. Nxe4 c4+ 23. Kh1 Rxd1+ 24. Qxd1 Qxb2 25. Qb1 Qxb1+ 26. Rxb1 Na5) 21... d4 22. e5) ({RR} 20. e4 Bh4 21. Re2 d4 22. e5) 20... g5 21. Qc2 c4 {0-1 Gustafsson,J (2615)-Tregubov,P (2583) Bundesliga 0506 2005 (8.1)} {RR} 22. Nf1 gxf4 23. exf4 d4) ({RR} 7. Be2 Nbd7 8. h3 Be7 9. O-O O-O 10. Nh4 Be4 11. f3 Bg6 12. Nxg6 hxg6 13. c3 e5 14. Bg5 Rfe8 15. Re1 c5 16. dxe5 Nxe5 17. f4 Nc6 18. Bf3 Rad8 19. Bxf6 Bxf6 20. Kh2 g5 21. Qc2 c4) 7... h6 $146 ({RR} 7... a5 8. a3 a4 9. Be2 h6 10. O-O Nbd7 11. c5 Qa5 12. Ne5 Be7 13. Qc3 O-O 14. f3 Rfd8 15. g4 Bh7 16. Nxd7 Rxd7 17. Rf2 Bd8 18. Bd1 Ne8 19. Nb1 Qa6 20. Be2 Qa7 21. Bd3 Bxd3 22. Qxd3 {0-1 Baumgarten,W (1882)-Mueller,M (2163) Gemuend op 1999 (4)}) ({RR} 7... Nbd7 8. a3 a5 9. b4 ({RR} 9. c5 Qa7 10. Be2 b5 11. Nh4 Be4 12. f3 Bg6 13. Nxg6 hxg6 14. Qc2 Nh5 15. Bg5 Be7 16. Bxe7 Kxe7 17. Kf2 e5 18. Rhe1 Kf8 19. Rac1 exd4 20. exd4 Qc7 21. Nf1 Qf4 22. Qd2 Ndf6 23. Kg1 Qxd2) 9... Be7 10. c5 Qd8 11. Be2 O-O 12. O-O Nh5 13. Ne5 Nxf4 14. exf4 h6 15. Qc3 f6 16. Nxd7 Qxd7 17. Qg3 a4 18. Bd3 Bxd3 19. Qxd3 Kf7 20. Rfe1 f5 21. Nf3 Bf6 22. Ne5+ {½-½ Da Silva,R (1504)-Moreira,E (1709) IV Niterói Chess Open 2024 (3)}) ({RR} 7... Be7 8. Nh4 Be4 9. f3 Bg6 10. c5 Qd8 11. Nxg6 hxg6 12. g4 Nbd7 13. Bg3 Nh7 14. b4 a6 15. Nb3 Bh4 16. Bd3 Ng5 17. Ke2 Bxg3 18. hxg3 Ke7 19. f4 Ne4 20. Bxe4 dxe4 21. g5 f5 22. Na5) ({RR} 7... Nbd7 8. c5 Qd8 9. Be2 Nh5 10. O-O Nxf4 11. exf4 Qc7 12. Ne5 f6 13. Nxd7 Kxd7 14. Nf3 b6 15. b4 bxc5 16. bxc5 Rb8 17. Qe3 Be7 18. Bd3 Bxd3 19. Qxd3 Qxf4 20. Rfe1 Rb2 21. Qa3 Rhb8 22. Qxa7+ {0-1 Shevchuk,A (2087)-Calin,A (1896) Ilichevsk Sunny Pawn op 2007 (7)}) ({RR} 7... Nbd7 8. c5 Qd8 9. h3 h6 10. b4 a6 11. Be2 g5 12. Bh2 Bg7 13. O-O O-O 14. a4 Ne4 15. Nb3 h5 16. Nfd2 Nxd2 17. Qxd2 g4 18. hxg4 hxg4 19. Na5 Qh4 20. Nxb7 Nf6 21. Nd6 Rfd8 22. Bg3 {1-0 Piva,G (2129)-Paolinelli,G (2023) Bratto op 26th 2006 (6)}) 8. c5 Qd8 9. Be2 Be7 10. O-O O-O 11. Qc3 Nh5 12. Bxb8 Rxb8 13. Ne5 Nf6 14. Bd3 Ne4 15. Qc2 f6 16. Nef3 Nxd2 17. Qxd2 Bxd3 18. Qxd3 e5 19. dxe5 fxe5 20. Nxe5 Bxc5 21. Qg6 Rf6 22. Qg4 Qd6 23. Nd7 Rg6 24. Qf5 Rg5 25. Qh3 Rd8 26. Nxc5 Qxc5 27. Rab1 Qa5 28. a3 c5 29. Qe6+ Kh7 30. Qe7 Qb6 31. b3 Rg6 32. Rfc1 Rgd6 33. h3 R8d7 34. Qe5 Qa5 35. b4 cxb4 36. axb4 Qd8 37. Qd4 b6 38. b5 Rc7 39. Qb4 Re7 40. Rc6 Rxc6 41. bxc6 Re4 42. Qa3 Qc7 43. Qd3 Qxc6 44. Ra1 Qc4 45. Qb1 Kg8 46. Rxa7 Qc6 47. Qa1 Qf6 48. Ra6 Qxa1+ 49. Rxa1 b5 50. Rb1 b4 51. Kf1 Kf7 52. Rb3 Ke6 53. Ke2 g5 54. g4 Kd6 55. Kd3 Kc5 56. f3 Rc4 57. e4 dxe4+ 58. fxe4 Rc1 59. Kd2 Rc4 60. Kd3 Rd4+ 61. Ke3 Rd1 62. Ke2 Ra1 63. Kd2 Ra3 64. Rd3 Rxd3+ 65. Kxd3 b3 66. Kc3 b2 67. Kxb2 Kd4 68. Kc2 Kxe4 69. Kd2 Kf3 70. h4 gxh4 71. Ke1 h3 0-1